Library of the University of Algiers 3
Ibrahim Sultan Cheibout
شعار جامعة الجزائر 3
مكتبة جامعة الجزائر 3
إبراهيم سلطان شيبوط

الإدارة الإستراتيجية / (رقم التسجيلة. 45634)

تفاصيل مارك
000 -LEADER
fixed length control field 01450nam a2200229Ia 4500
003 - CONTROL NUMBER IDENTIFIER
control field Ost
005 - DATE AND TIME OF LATEST TRANSACTION
control field 20260507075652.0
008 - FIXED-LENGTH DATA ELEMENTS--GENERAL INFORMATION
fixed length control field 260507s9999||||xx |||||||||||||| ||und||
020 ## - INTERNATIONAL STANDARD BOOK NUMBER
International Standard Book Number 8094639975
040 ## - CATALOGING SOURCE
Transcribing agency fsecg
041 ## - LANGUAGE CODE
Language code of text/sound track or separate title ara
082 ## - DEWEY DECIMAL CLASSIFICATION NUMBER
Classification number 658.4012
100 ## - MAIN ENTRY--PERSONAL NAME
Personal name عبوي، زيد منير
Relator term مؤلف
245 #0 - TITLE STATEMENT
Title الإدارة الإستراتيجية /
Statement of responsibility, etc. زيد منير عبوي
260 ## - PUBLICATION, DISTRIBUTION, ETC.
Place of publication, distribution, etc. عمان:
Name of publisher, distributor, etc. دار كنوز المعرفة للنشر والتوزيع,
Date of publication, distribution, etc. 2006
300 ## - PHYSICAL DESCRIPTION
Extent 175 صفحة؛
Other physical details إيضاحات ؛
Dimensions 25 سم
504 ## - BIBLIOGRAPHY, ETC. NOTE
Bibliography, etc. note المراجع ص. 173
520 ## - SUMMARY, ETC.
Summary, etc. نشأة الإدارة الإستراتيجية وتطورها- مفاهيم الإدارة الإستراتيجية- الإدارة الإستراتيجية في القطاع العام- عمليات الإدارة الإستراتيجية- التخطيط الإستراتيجي- الإدارة الإستراتيجية في التنمية الإدارية- أنماط الإدارة الإستراتيجية والإبداعية- تحويل الإستراتيجية من العلوم العسكرية الى عصر العولمة- رؤية استراتيجية للولايات المتحدة واستراتيجية الإحتواء الجديدة- الطيران المدني في دبي مركز متطور لبناء فرق العمل.
653 ## - INDEX TERM--UNCONTROLLED
Uncontrolled term الإدارة
653 ## - INDEX TERM--UNCONTROLLED
Uncontrolled term الإدارة الإستراتيجية
942 ## - ADDED ENTRY ELEMENTS (KOHA)
Koha item type كتب

لا توجد مواد متاحة.

موارد الويب المفتوحة


© University of Algiers 3 All Rights Reserved
|
Implemented by LECHELAH Riad